000 02446nam a22002657a 4500
003 Uzh_bibl
008 260514b |||||||| |||| 00| 0 ukr d
020 _a978-066-03-7019-7
_c300.00
040 _bукр.
041 _2fre
_aukr
080 _a821(44)
090 _a821(44)
_bШ 20
100 _aШатобріан,Франсуа Рене
245 _aЗамогильні записки
_cпер. з фр.В. Верховень
_hТекст
260 _aХарків
_bФоліо
_c2014
300 _a794 с.
_fВ опр.
490 _aСерія"Бібліотека світової літератури"
520 _aФрансуа Рене де Шатобріан (1768—1848) — відомий французький письменник, «батько романтизму», державний діяч, що виступав проти Наполеона, давав поради Людовіку XVIII, відмовлявся від співпраці з іншим французьким королем — Луї-Філіпом (незважаючи на настійливі прохання) і виконував таємні доручення матері вигнаного спадкоємця престолу — герцогині Беррійської. «Замогильні записки», які Шатобріан дозволив опублікувати лише після своєї смерті, — за жанром звичайна автобіографія, та водночас це грандіозна історична хроніка, в якій ідеться про один з найбурхливіших періодів в історії Франції (Революція, Імперія, Реставрація, Сто днів, друга Реставрація, Липнева монархія), змальовано портрети Мірабо і Лафаєта, Талейрана і Наполеона, описано Ніагарський водоспад і швейцарські Альпи, Лондон 1794-го, Рим 1829-го і Париж 1830 року…
521 _aДля широкого кола читачів
546 _aукр.
650 _aЛітературно-художне видання
653 _aАвтобіографія
_aІсторична хроніка
655 _aЗарубіжна класика
942 _2udc
_cBK
999 _c17765
_d17765